|
|
|
|
| LEADER |
01540nam a2200421 a 4500 |
| 001 |
000467506 |
| 003 |
CZ BrMZK |
| 005 |
20210201173534.0 |
| 007 |
ta |
| 008 |
000115s1999 xr e 0 cze d |
| 015 |
|
|
|a cnb000959855
|
| 020 |
|
|
|a 80-7278-012-3
|
| 035 |
|
|
|a (OCoLC)84999390
|
| 040 |
|
|
|a BOA001
|b cze
|
| 043 |
|
|
|a e-xr---
|a e-cs---
|a e-ur---
|
| 072 |
|
7 |
|a 358
|x Vojenské letectvo. Dělostřelectvo. Ženijní jednotky. Technické služby armády. Chemické vojsko
|2 Konspekt
|9 15
|
| 080 |
|
|
|a 623.746.3
|2 MRF
|
| 080 |
|
|
|a 358.4
|2 MRF
|
| 080 |
|
|
|a (47+57)
|2 MRF
|
| 080 |
|
|
|a (437)
|2 MRF
|
| 080 |
|
|
|a (437.3)
|2 MRF
|
| 080 |
|
|
|a (048.8)
|2 MRF
|
| 080 |
|
|
|a (084.12)
|2 MRF
|
| 100 |
1 |
|
|a Soušek, Tomáš,
|d 1977-
|7 mzk2006348548
|4 aut
|
| 245 |
1 |
0 |
|a MiG - náš osud /
|c Tomáš Soušek, Jiří Šilha
|
| 250 |
|
|
|a 1. vyd.
|
| 260 |
|
|
|a Praha :
|b Ministerstvo obrany České republiky - AVIS,
|c 1999
|
| 300 |
|
|
|a 60 s. :
|b il. (některé barev.) ;
|c 30 cm
|
| 650 |
0 |
7 |
|a MiG (stíhací letadla)
|7 ph254892
|2 czenas
|
| 650 |
0 |
7 |
|a stíhací letadla
|7 ph116314
|z Sovětský svaz
|2 czenas
|
| 650 |
0 |
7 |
|a vojenské letectvo
|7 ph116625
|z Československo
|2 czenas
|
| 650 |
0 |
7 |
|a vojenské letectvo
|7 ph116625
|z Česko
|2 czenas
|
| 655 |
|
7 |
|a přehledy
|7 fd133202
|2 czenas
|
| 655 |
|
7 |
|a fotografické publikace
|7 fd132276
|2 czenas
|
| 700 |
1 |
|
|a Šilha, Jiří,
|d 1951-
|7 mzk2006355938
|4 aut
|
| 910 |
|
|
|a BOA001
|b 4-1070.107
|
| 990 |
|
|
|a BK
|
| 996 |
6 |
|
|b 2610110591
|c 4-1070.107
|l MZK
|r Sklad / do 1 hodiny
|n 6
|p p.v.
|w 000467506
|u 000010
|a 1
|e BOA001
|j MZK50
|s P
|